La Ultima - Quevedo - Estadísticas

Estadísticas generales
  • Esta prueba ha sido intentada 158 veces
  • La puntuación promedio es 326 de 464
Estadísticas de respuestas
Respuesta % Correcto
A
97%
a
97%
que
95%
la
94%
me
94%
pa
94%
te
94%
y
94%
Y
94%
de
93%
De
93%
lo
93%
no
93%
to
93%
es
92%
las
92%
los
92%
Los
92%
mi
92%
si
92%
un
92%
en
91%
se
91%
todo
91%
una
90%
Cuando
89%
cuando
89%
el
89%
El
89%
ni
88%
con
86%
den
86%
ser
86%
tenia
86%
grande
85%
male
85%
nunca
85%
esta
84%
por
84%
quiero
84%
cero
83%
dinero
83%
quite
83%
toda
83%
dieciocho
82%
pintadera
82%
protege
82%
puse
82%
Dios
81%
dos
81%
planes
81%
todos
81%
yo
81%
sabia
80%
seria
80%
Era
78%
era
78%
grababa
78%
al
77%
comer
77%
musica
77%
pero
77%
tan
77%
ya
77%
Ya
77%
aunque
76%
hable
76%
siempre
76%
Donde
75%
donde
75%
empece
75%
mas
75%
mientra
75%
volver
75%
estrella
74%
LPGC
74%
Michelin
74%
noches
74%
recordar
74%
siento
74%
cambio
73%
diera
73%
isla
73%
lloraba
73%
mientras
73%
nada
73%
queria
73%
todas
73%
estaba
72%
paro
72%
Pienso
72%
veces
72%
ver
72%
escribia
70%
estar
70%
imposible
70%
llorar
70%
primero
70%
soy
70%
verme
70%
atras
69%
cerca
69%
tengo
69%
generacion
68%
palabras
68%
puro
68%
negocio
67%
separadas
67%
tanto
67%
eran
66%
Necesito
66%
necesito
66%
primeros
66%
trasnochaba
66%
esto
65%
fui
65%
ocio
65%
piel
65%
capaz
64%
cordero
64%
cuero
64%
mierda
64%
punto
64%
para
63%
cheques
61%
Miami
61%
nuevo
61%
gallina
60%
sin
60%
crucero
59%
enamorarme
59%
entro
59%
gastarlo
59%
necesidad
59%
ceros
58%
estoy
58%
agujero
57%
del
57%
haciendo
57%
muevo
57%
disco
56%
primeras
55%
salir
55%
puedo
53%
costo
51%
rapero
51%
suelo
51%
jugando
49%
perder
49%
cenicero
48%
poder
48%
ropa
48%
duermo
47%
ir
47%
millones
44%
eso
42%
pasa
41%
treinta
41%
grammy
40%
brezos
39%
casco
39%
litronas
39%
obrero
39%
mismo
38%
ahora
36%
porque
36%
gonza
35%
luz
35%
vean
35%
espero
33%
premio
33%
cortada
32%
vulnerable
32%
importa
31%
reggaetonero
31%
duele
30%
canto
28%
chapean
28%
resto
28%
siendo
28%
elegido
27%
inestable
27%
sigo
27%
fama
26%
esa
25%
intocable
25%
alma
24%
ruina
24%
tarjeta
24%
quedarme
23%
bendecido
20%
pasajero
20%
quiere
20%
vez
20%
libreta
19%
naci
19%
tenga
19%
algo
18%
nadie
18%
protegido
18%
sienta
18%
hueca
17%
casi
15%
grieta
15%
puertas
15%
quieren
15%
ven
15%
cada
14%
guia
14%
hasta
14%
calero
13%
discreta
13%
perdido
13%
son
13%
sorprenden
13%
aprietan
11%
izquierdo
11%
etiqueta
10%
igual
10%
isleta
10%
fleeting
9%
vueltas
9%
trajes
8%
blanco
7%
dando
7%
forma
7%
lado
7%
sold
7%
capaces
6%
completan
6%
Diosme
6%
estan
6%
alfombras
5%
mirarme
5%
out
5%
rojas
5%
viendo
5%
VVS
5%
oro
3%
No se encontraron pruebas coincidentes
Distribución de puntuación
Porcentaje de gente con cada puntuación
Porcentaje por número respondido
Historial de tus puntuaciones
No has intentado esta prueba.